El muro

שמור ב:
מידע ביבליוגרפי
מחבר ראשי: Sartre, Jean-Paul
פורמט: ספר
שפה:Undetermined
יצא לאור: Buenos Aires, Argentina Editorial Losada 1975
מהדורה:3
נושאים:
תגים: הוספת תג
אין תגיות, היה/י הראשונ/ה לתייג את הרשומה!

MARC

LEADER 00000nam a2200000Ia 4500
008 170316s9999 xx 000 0 und d
040 |a cru BVZT 
090 |a 840 S-10mur 
100 |a Sartre, Jean-Paul 
245 |a El muro 
250 |a 3 
260 |a Buenos Aires, Argentina 
260 |b Editorial Losada 
260 |c 1975 
300 |a 197 páginas 
650 |a LITERATURA FRANCESA 
650 |a JEAN PAUL SARTRE - FILOSOFO FRANCÉS 
650 |a CUENTOS EN ESPAÑOL 
999 |c 7968  |d 7968 
942 |c 15 D  |h 840 S-10mur  |2 z